| 000 | 00406cam a2200157ua 4500 | ||
|---|---|---|---|
| 003 | OSt | ||
| 008 | 250802b |||||||| |||| 00| 0 eng d | ||
| 041 | _aeng | ||
| 082 |
_a624.184 _bDHA/DE |
||
| 100 |
_aDharmdhikari, D S . _97656 |
||
| 245 | _aDesign of steel and timber structure / | ||
| 260 |
_a : _bJ K Publishing house , _c1985. |
||
| 300 | _a347 ; . | ||
| 700 | 1 |
_aDhoble, R K . _97657 |
|
| 942 | _cBK | ||
| 999 |
_c3193 _d3193 |
||